000
00300nam a2200157Ia 4500
100
_a
Sudha Murthy
650
_a
Fiction
942
_c
BK
366
_f
20
245
_a
Mahashweta
260
_b
Penquin books
_a
Mumbai
_c
2007
082
_b
SUD
300
_a
154
546
_a
ENGLISH
999
_c
33818
_d
33818